| 000 | 00557nam a2200181Ia 4500 | ||
|---|---|---|---|
| 003 | LDD | ||
| 008 | 190117s9999 xx 000 0 und d | ||
| 020 | _c₹80 | ||
| 040 | _cLDD | ||
| 041 | _ahi | ||
| 082 | _a8H3.7 भा6442 | ||
| 100 | _aसेठ, राजी | ||
| 245 | 0 |
_aभारतीय कहानियाँ 1987-88 _cराजी सेठ |
|
| 260 |
_aदिल्ली _bभारतीय ज्ञानपीठ _c1991 |
||
| 300 | _ax,352पृ. | ||
| 440 | _aलोकोदय ग्रंथमाला;510 | ||
| 942 |
_2ddc _cH |
||
| 999 |
_c174663 _d174663 |
||